Statistiques concernant Les 11 joueurs avec le plus de titres de champion.

Cliquez ici pour prendre le quiz!

Statistiques générales

  • Ce quiz a été pris 221 fois
  • Le résultat moyen est 6 sur 11

Statistiques - réponses

Titres
de champions
JoueursTrophées% Correct
12Lionel Messi10 Liga
2 Ligue 1
96%
12Thomas Muller12 Bundesliga
91%
12Kingsley Coman2 Ligue 1
2 Serie A
8 Bundesliga
79%
11Robert Lewandowski10 Bundesliga
1 Liga
75%
11Manuel Neuer11 Bundesliga
74%
11Gianluigi Buffon10 Serie A
1 Ligue 1
45%
10Zlatan Ibrahimovic5 Serie A
1 Liga
4 Ligue 1
42%
11Arjen Robben2 Premier League
1 Liga
8 Bundesliga
34%
11David Alaba10 Bundesliga
1 Liga
33%
10Gerard Piqué1 Premier League
9 Liga
30%
11Thiago4 Liga
7 Bundesliga
30%

Distribution des résultats

Percentile par nombre de réponses

% des personnes avec chaque résultat

Votre développement - résultats

Vous n’avez pas pris ce quiz